Religion Quiz

Random Religion Quiz

Nehemiah 2 (NIV) Quiz Stats

 Plays Quiz not verified by Sporcle

Challenge
Share
Tweet
Embed
Score 0/49 Timer 10:00
0 Plays Today
Hint Answer % Correct
Nehemiah 2:8bAnd
100%
the
100%
the
100%
and
100%
the
100%
The
100%
of
87%
Nehemiah 2:20aI
87%
of
87%
God
73.9%
is
73.9%
God
73.9%
you
60.9%
you
60.9%
them
52.2%
Nehemiah 2:19bthey
47.8%
they
47.8%
heaven
47.8%
will
47.8%
was
43.5%
king
43.5%
us
43.5%
us
43.5%
What
43.5%
this
43.5%
Hint Answer % Correct
are
43.5%
Are
43.5%
king?
43.5%
answered
43.5%
give
43.5%
us
43.5%
because
39.1%
hand
39.1%
my
39.1%
me
39.1%
granted
39.1%
my
39.1%
mocked
39.1%
doing
39.1%
against
39.1%
by
39.1%
success
39.1%
asked
34.8%
rebelling
34.8%
saying
34.8%
gracious
30.4%
upon
30.4%
requests
30.4%
ridiculed
30.4%

You're not logged in!

Compare scores with friends on all Sporcle quizzes.
Join for Free
OR
Log In

You Might Also Like...

Show Comments

Extras

Created Feb 17, 2015ReportNominate
Tags:niv

Top Quizzes Today


Score Distribution

Your Account Isn't Verified!

In order to create a playlist on Sporcle, you need to verify the email address you used during registration. Go to your Sporcle Settings to finish the process.

Report this User

Report this user for behavior that violates our Community Guidelines.

Details: